000 00945nam a2200253Ia 4500
003 OSt
005 20220923220425.0
006 a|||||r|||| 00| 0
007 ta
008 220922b |||||||| |||| 00| 0 hin d
024 _a186,556
037 _cTextual
040 _aARTS
_cARTS
_bhin
041 _2hin
_ahin
082 _aY:3217, 152L3
100 _aफाक्स, रॉबिन
_9156290
245 0 _aनातेदारी एवं विवाह, अनु रामकृष्ण वाजपेयी
246 _aNātedārī evan vivāha, anu0 rāmakṛuṣhṇa vājapeyī
260 _aभोपाल
_b मध्यप्रदेश हिन्दी ग्रंथ अकादमी
_c1973
300 _a234 पृ.
_ccm.
650 _aभारतीय-लोक साहित्य
942 _hY:3217, 152L3
_cTEXL
_2CC
999 _c339799
_d339799